|
|
|
|
| LEADER |
00000nam0a2200000 4500 |
| 001 |
302396 |
| 005 |
20251220071622.0 |
| 035 |
|
|
|a (RuTPU)RU\TPU\book\327603
|
| 090 |
|
|
|a 302396
|
| 100 |
|
|
|a 20150821d1982 km y0rusy50 ca
|
| 101 |
0 |
|
|a rus
|
| 102 |
|
|
|a RU
|
| 105 |
|
|
|a a z 001zy
|
| 200 |
1 |
|
|a Автоматы, алгорифмы, языки
|e межвузовский тематический сборник
|f Калининский государственный университет ; под ред. А. В. Гладкого
|
| 210 |
|
|
|a Калинин
|c Изд-во Калининского гос. ун-та
|d 1982
|
| 215 |
|
|
|a 168 с.
|c ил.
|
| 320 |
|
|
|a Библиогр. в конце ст.
|
| 606 |
1 |
|
|a Математическая кибернетика
|2 stltpush
|3 (RuTPU)RU\TPU\subj\41203
|9 61011
|
| 606 |
1 |
|
|a Алгоритмы, теория
|2 stltpush
|3 (RuTPU)RU\TPU\subj\58912
|9 76596
|
| 606 |
1 |
|
|a Программирования языки
|x Стандарты
|2 stltpush
|3 (RuTPU)RU\TPU\subj\51793
|9 70356
|
| 610 |
1 |
|
|a формальные грамматики
|
| 610 |
1 |
|
|a формальные языки
|
| 610 |
1 |
|
|a математическая логика
|
| 610 |
1 |
|
|a логические исчисления
|
| 610 |
1 |
|
|a сложность
|
| 610 |
1 |
|
|a оценка
|
| 610 |
1 |
|
|a вычисления
|
| 675 |
|
|
|a 519.7
|v 4
|
| 675 |
|
|
|a 510.5
|v 4
|
| 675 |
|
|
|a 681.3.06:800.92
|v 4
|
| 702 |
|
1 |
|a Гладкий
|b А. В.
|4 340
|
| 712 |
0 |
2 |
|7 ca
|8 rus
|a Калининский государственный университет
|c 1971-1990
|2 stltpush
|3 (RuTPU)RU\TPU\col\6821
|9 24273
|
| 801 |
|
1 |
|a RU
|b 63413507
|c 20150821
|
| 801 |
|
2 |
|a RU
|b 63413507
|c 20190408
|g RCR
|
| 942 |
|
|
|c BK
|